00498nam a2200145 a 450000100100000000500170001000800410002704000250006808200150009310000330010824500870014126000420022830000280027050400540029800002550220200930023832.0110217s1965 dr a 000 0 spa d aDO-SdBNPbspacBNPHU axxxbR672n1 aDe la Rocha Báez, Julio E.10aNuestra señora de la Altagracia a traves de la historia /cJulio E. de la Rocha. aSanto Domingo :bArte y Cine;,c1965. a130 p. :bil. ;c24 cm. aIncluye referencias bibliográficas (p. 123-128)